000 01333nam a2200289 a 4500
005 20200104041608.0
008 140130b2007 ck ||||| |||| 00| 0 spa d
020 _a978-9588343150
040 _aCO-BoIAVH
_cCO-BoIAVH
041 _aspa
044 _ack
082 0 4 _a333.95098
_bI59d
100 1 _aRuiz Rodríguez, Sandra Lucía
245 1 0 _aDiversidad biológica y cultural del sur de la Amazonia colombiana
_bdiagnóstico
260 _aBogotá :
_bCorpoamazonia :
_bInstituto de investigación de recursos Biológicos Alexander von Humboldt :
_bSINCHI :
_bUAESPNN,
_c2007.
300 _a635 páginas :
_bilustraciones, gráficas ;
_c28 x 22 cm.
650 6 _aDiversidad biológica
_zColombia
650 6 _aDiversidad biológica
_xConservación
_zColombia
650 6 _aBiodiversidad
_zColombia
650 6 _aDiversidad cultural
_zColombia
662 _aColombia
_cAmazonia (Región)
710 2 _aInstituto de Investigación de Recursos Biológicos Alexander von Humboldt.
710 2 _aCorporación para el desarrollo sostenible del Sur de la Amazonía - CORPOAMAZONIA
710 2 _aInstituto Amazónico de Investigaciones Científicas (Sinchi)
710 2 _aUnidad Administrativa Especial del Sistema de Parques Nacionales Naturales (Colombia)
942 _cLIBRO
_2ddc
999 _c6296
_d6296